Абдоминальная жировая ткань аутбредных лабораторных мышей при адаптации к разным температурным режимам; Перспективы развития фундаментальных наук; Т. 4 : Биология и фундаментальная медицина

Dades bibliogràfiques
Parent link:Перспективы развития фундаментальных наук=Prospects of Fundamental Sciences Development: сборник научных трудов XV Международной конференции студентов, аспирантов и молодых ученых, г. Томск, 24-27 апреля 2018 г./ Национальный исследовательский Томский политехнический университет (ТПУ) ; под ред. И. А. Курзиной, Г. А. Вороновой.— , 2018
Т. 4 : Биология и фундаментальная медицина.— 2018.— [С. 185-187)
Autor principal: Якуненков А. В.
Autor corporatiu: Красноярский государственный педагогический университет им. В. П. Астафьева
Altres autors: Елсукова Е. И. (научный руководитель)
Sumari:Заглавие с экрана
For the first time the presence of beige adipocytes, cellularity, basic metabolic parameters of perigonadal abdominal fat have studied in autbred laboratory mice kept at different temperature regimes: 1) 30°С (thermoneutral zone) and 2) regular daily 8-hour cold exposures. Unlike brown fat in the abdominal depot, temperature-dependent changes of these parameters were not detected. The functions of the beige adipocytes of the abdominal depot were discussed.
Idioma:rus
Publicat: 2018
Matèries:
Accés en línia:http://earchive.tpu.ru/handle/11683/50930
Format: MixedMaterials Electrònic Capítol de llibre
KOHA link:https://koha.lib.tpu.ru/cgi-bin/koha/opac-detail.pl?biblionumber=627691

MARC

LEADER 00000naa2a2200000 4500
001 627691
005 20231101133456.0
035 |a (RuTPU)RU\TPU\conf\27656 
035 |a RU\TPU\conf\27651 
090 |a 627691 
100 |a 20180920d2018 k y0rusy50 ca 
101 0 |a rus  |d eng 
102 |a RU 
105 |a y z 100zy 
135 |a drgn ---uucaa 
181 0 |a i  
182 0 |a b 
200 1 |a Абдоминальная жировая ткань аутбредных лабораторных мышей при адаптации к разным температурным режимам  |d Intra-abdominal adipose tissue of laboratory mice adapted to different temperature regimes  |f А. В. Якуненков  |g науч. рук. Е. И. Елсукова 
203 |a Текст  |c электронный 
230 |a 1 компьютерный файл (pdf; 210 Kb) 
300 |a Заглавие с экрана 
320 |a [Библиогр.: с. 187 (5 назв.)] 
330 |a For the first time the presence of beige adipocytes, cellularity, basic metabolic parameters of perigonadal abdominal fat have studied in autbred laboratory mice kept at different temperature regimes: 1) 30°С (thermoneutral zone) and 2) regular daily 8-hour cold exposures. Unlike brown fat in the abdominal depot, temperature-dependent changes of these parameters were not detected. The functions of the beige adipocytes of the abdominal depot were discussed. 
461 1 |0 (RuTPU)RU\TPU\conf\26928  |t Перспективы развития фундаментальных наук  |l Prospects of Fundamental Sciences Development  |o сборник научных трудов XV Международной конференции студентов, аспирантов и молодых ученых, г. Томск, 24-27 апреля 2018 г.  |o в 7 т.  |f Национальный исследовательский Томский политехнический университет (ТПУ) ; под ред. И. А. Курзиной, Г. А. Вороновой  |d 2018 
463 1 |0 (RuTPU)RU\TPU\conf\26932  |t Т. 4 : Биология и фундаментальная медицина  |v [С. 185-187)  |d 2018 
510 1 |a Intra-abdominal adipose tissue of laboratory mice adapted to different temperature regimes  |z eng 
610 1 |a электронный ресурс 
610 1 |a жировые ткани 
610 1 |a мыши 
610 1 |a температурные режимы 
610 1 |a адипоциты 
610 1 |a энергообмен 
700 1 |a Якуненков  |b А. В. 
702 1 |a Елсукова  |b Е. И.  |4 727 
712 0 2 |a Красноярский государственный педагогический университет им. В. П. Астафьева 
801 2 |a RU  |b 63413507  |c 20181008  |g RCR 
856 4 |u http://earchive.tpu.ru/handle/11683/50930 
942 |c BK